| 000 | 00385nam a2200169Ia 4500 | ||
|---|---|---|---|
| 008 | 221030s9999 xx 000 0 und d | ||
| 020 | _a0333905962 | ||
| 041 | _aEnglish | ||
| 082 | _a105.23 | ||
| 100 | _aW. W. S. Bhasker | ||
| 245 | 0 | _aEnglish Through Reading | |
| 260 |
_bMacmillan _aMumbai _c2006 |
||
| 300 | _a94 | ||
| 650 | _aBB English | ||
| 700 | _aN. S. Prabhu | ||
| 942 | _cBK | ||
| 999 |
_c216 _d216 |
||